000 00837nam a2200217 u 4500
001 000306053
003 AM-YeHGA
005 20250618071949.0
008 040206s1969 ai r 000 0 arm d
040 _aAM-YeHGA
041 1 _aarm
_hrus
080 _aР2
100 1 _aԳորդաշևսկի, Պյոտր
245 1 0 _aՆրանք չորսն էին :
_b[Ֆանտաստիկ վիպակ] /
_cՊ. Գորդաշևսկի; Թարգմ.՝ Լ. Անանյան; Նկ.՝ Վ. Մեդվեդև, Ս. Զաբալուև.
260 _aԵրևան :
_bՀայաստան,
_c1969.
300 _a248 էջ :
_bնկ. ;
_c22 սմ.
650 1 4 _aՌուս մանկական գրականություն
_xՎիպակ
700 1 _aԱնանյան, Լևոն Զաքարի,
_d1946-2013
_eթարգմ.
_4trl
_92144
700 1 _aՄեդվեդև, Վ.
_eնկ.
_4art
090 _c114157
999 _c112818
_d112818